000
00333nam a22001457a 4500
008
210312b ||||| |||| 00| 0 eng d
020
_a
031477825X
041
_a
eng
080
_2
3rd
_a
330.322
082
_a
330.322
100
_a
62
101
_a
INV
245
_a
Fundamentals of Investments
_c
Stevenson, R. A
942
_2
udc
_c
BK
999
_c
56467
_d
56467